000 00244 a2200085 4500
020 _a‎ 978-1616890896
100 _a Julia Czerniak (Editor)
245 _aFormerly Urban: Projecting Rustbelt Futures
260 _b‎ Princeton Architectural Pr
_c2013
999 _c13110
_d13110